Every 100,000+ City in Czechia in Order - Statistics

General Stats
  • This quiz has been taken 120 times
    53 since last reset
  • The average score is 7 of 8
Answer Stats
Letter Population City % Correct
B 553,765 Brno
100%
O 511,029 Ostrava
100%
P 1,527,668 Prague
100%
P 188,102 Plzeň
90%
L 114,138 Liberec
83%
O 107,433 Olomouc
77%
H-K 102,119 Hradec Králové
67%
C-B 110,445 České Budějovice
57%
No matching quizzes found
Score Distribution
Percent of People with Each Score
Percentile by Number Answered
Your Score History
You have not taken this quiz since the last reset